| 000 | 00525nam a2200169 i 4500 | ||
|---|---|---|---|
| 001 | 150809 | ||
| 003 | ES-MaACL | ||
| 005 | 20230906203716.0 | ||
| 007 | t| | ||
| 008 | 071113s1963 pr ||||1| spa d | ||
| 100 | 1 |
_aFonfrías, Ernesto Juan. _951500 |
|
| 245 | 1 | 0 |
_aMística y realidad del lenguaje / _cJuan Ernesto Fonfrías. |
| 260 |
_aSan Juan de Puerto Rico : _bClub de la Prensa, _c[1963?] |
||
| 300 |
_a28 p. ; _c22 cm. |
||
| 650 | 4 |
_aLengua española- _zPuerto Rico. _914180 |
|
| 852 |
_aES-MaACL _j2050-F-7 _bR.57171 |
||
| 999 |
_c150809 _d150809 |
||